000 00510nam a2200169 i 4500
001 50549
003 ES-MaACL
005 20230906162211.0
007 t|
008 030805s1956 sp ||||1| spa d
100 1 _aCuartero Martín, Joaquín.
_941917
245 1 0 _aElementos de Contabilidad y Teneduría de Libros /
_cJoaquín Cuartero Martín.
250 _a2ª ed.
260 _aZaragoza :
_b[s.n.,
_c1956] (
_fImp. Octavio y Félez)
300 _a319 p. ;
_c21 cm.
852 _aES-MaACL
_jC-11777
_bR.39836
999 _c50549
_d50549